| 000 | 01390cam a2200361 a 4500 | ||
|---|---|---|---|
| 999 |
_c530192 _d530192 |
||
| 001 | 14124676 | ||
| 003 | NUST | ||
| 005 | 20191014105655.0 | ||
| 008 | 050929s2006 nyuab b 001 0 eng | ||
| 010 | _a 2005028475 | ||
| 020 | _a0415358094 (hardcover : alk. paper) | ||
| 020 | _a0415358108 (softcover : alk. paper) | ||
| 038 | _aMSOHAIL | ||
| 040 |
_aDLC _cDLC _dDLC |
||
| 042 | _apcc | ||
| 043 | _ae-uk--- | ||
| 050 | 0 | 0 |
_aHT169.G7 _bC8 2006 |
| 082 | 0 | 0 |
_a307.12160941 _222 |
| 100 | 1 |
_aCullingworth, J. B. _923610 |
|
| 245 | 1 | 0 |
_aTown and country planning in the UK / _cBarry Cullingworth and Vincent Nadin. |
| 250 | _a14th ed. | ||
| 260 |
_aLondon ; _aNew York : _bRoutledge, Taylor & Francis Group, _c2006. |
||
| 300 |
_axxxiii, 588 p. : _bill., maps ; _c26 cm. |
||
| 504 | _aIncludes bibliographical references (pages 468 -531) and indexes. | ||
| 650 | 0 |
_aCity planning _zGreat Britain. _923611 |
|
| 650 | 0 |
_aRegional planning _zGreat Britain. _923612 |
|
| 700 | 1 |
_aNadin, Vincent. _923613 |
|
| 856 | 4 | 1 |
_3Table of contents only _uhttp://www.loc.gov/catdir/toc/ecip061/2005028475.html |
| 856 | 4 | 2 |
_3Publisher description _uhttp://www.loc.gov/catdir/enhancements/fy0659/2005028475-d.html |
| 906 |
_a7 _bcbc _corignew _d1 _eecip _f20 _gy-gencatlg |
||
| 942 |
_2ddc _cBK |
||